Central Library OPAC University of Rajshahi

Adult education at a tropical university / (Record no. 46061)

MARC details
000 -LEADER
fixed length control field 00673nam a2200217 a 4500
001 - CONTROL NUMBER
control field 46061
003 - CONTROL NUMBER IDENTIFIER
rucl marc code BD-RjUL
005 - DATE AND TIME OF LATEST TRANSACTION
control field 20211209054113.0
008 - FIXED-LENGTH DATA ELEMENTS--GENERAL INFORMATION
fixed length control field 160730s1957 enk 000 0 eng d
035 ## - SYSTEM CONTROL NUMBER
System control number (BD-RjUL)46179
040 ## - CATALOGING SOURCE
Original cataloging agency FHM
Transcribing agency FHM
Modifying agency UKM
-- BD-RjUL
Language of cataloging eng
041 ## - LANGUAGE CODE
Language code of text/sound track or separate title eng
082 04 - DEWEY DECIMAL CLASSIFICATION NUMBER
Classification number 378.15540913
Edition number 23
Author mark and year RAA 1957
100 1# - MAIN ENTRY--PERSONAL NAME
Personal name Raybould, Sidney Griffith,
Dates associated with a name 1903-
9 (RLIN) 140801
245 10 - TITLE STATEMENT
Title Adult education at a tropical university /
Statement of responsibility, etc. by S. G. Raybould.
260 ## - PUBLICATION, DISTRIBUTION, ETC. (IMPRINT)
Place of publication, distribution, etc. New York :
Name of publisher, distributor, etc. Longmans, Green & co. ,
Date of publication, distribution, etc. 1957
300 ## - PHYSICAL DESCRIPTION
Pagination ix, 114 p. ;
Size 19 cm.
650 #0 - SUBJECT ADDED ENTRY--TOPICAL TERM
Topical term or geographic name as entry element Adult education
Geographic subdivision Nigeria.
9 (RLIN) 140802
651 #0 - SUBJECT ADDED ENTRY--GEOGRAPHIC NAME
Geographic name following place entry element [OBSOLETE] University.
Geographic name Ibadan, Nigeria.
9 (RLIN) 140803
942 ## - ADDED ENTRY ELEMENTS (KOHA)
Source of classification or shelving scheme Dewey Decimal Classification
Koha item type Books
Holdings
Lost status Source of classification or shelving scheme Damaged status Not for loan Collection code Permanent Location Current Location Shelving location Date acquired Source of acquisition Cost, normal purchase price Total Checkouts Full call number Date last seen Copy number Koha item type
  Dewey Decimal Classification     Non-fiction Central Library, University of Rajshahi Central Library, University of Rajshahi   07/01/1969 Zeetlinger 14.60   378.15540913 RAA 1957 30/07/2016 C-2 Books